[Event "Vienna op"]
[Site "Vienna"]
[Date "1996.??.??"]
[Round "9"]
[White "Smirin, Ilia"]
[Black "Hertneck, Gerald"]
[Result "1-0"]
[WhiteElo "2625"]
[BlackElo "2565"]
[Annotator "Chekhov,V"]
[PlyCount "121"]
[EventDate "1996.??.??"]
[EventType "swiss"]
[EventRounds "9"]
[EventCountry "AUT"]
[SourceTitle "CBM 053 Extra"]
[Source "ChessBase"]
[SourceDate "1996.09.01"]
[SourceVersion "1"]
[SourceVersionDate "1996.09.01"]
[SourceQuality "1"]

1. c4 e5 2. Nc3 Nf6 3. Nf3 Nc6 4. d4 exd4 5. Nxd4 Bb4 6. Bg5 h6 7. Bh4 Ne5 (
7... Bxc3+ $5 8. bxc3 Ne5) 8. Qb3 Bxc3+ (8... Bc5 9. O-O-O Ng6 10. Bg3 O-O 11.
e3 Nh5 12. Ne4 Nxg3 13. hxg3 Bxd4 14. Rxd4 d6 15. c5 $36 {Salov,V-Illescas
Cordoba,M/Madrid/1995/1|0/46/}) 9. Qxc3 O-O (9... d6 10. f3 O-O 11. O-O-O Ne4
12. Qe1 g5 13. Bg3 Nxg3 14. hxg3 Qf6 15. e4 $16 {Richter,E-Tartakower,S/
Karlovy Vary/1948/1|0/78/}) (9... Ng6 $6 10. Nf5 $1 Nxh4 11. Nxg7+ Ke7 (11...
Kf8 12. Nh5 $18) 12. Nh5 $1 Ke6 13. Qh3+ Ke5 14. f4+ Kd6 15. Qxh4 $18 {
Hernandez,R-Vaisser,A/Habana/1985/0,5/41/}) 10. Nb5 d6 11. Bxf6 Qxf6 12. Nxc7
Rb8 13. e3 Bf5 14. Nd5 Qd8 15. f4 (15. Be2 Rc8 $22 16. O-O b5 $44) 15... Nd7
16. Be2 Be4 17. Bf3 (17. O-O Bxd5 (17... Re8 18. Bf3 Nc5 19. Rad1 $16) 18. cxd5
Qb6 19. Bf3 Rfe8 20. Rfe1 Nf6 21. Rac1 $16) 17... Bxd5 (17... Bxf3 18. gxf3
Qh4+ 19. Ke2 Rfe8 20. Rag1 f6 21. Rg4 $18) 18. Bxd5 Re8 19. O-O Nf6 20. Bf3 Qb6
21. Qd4 (21. Rfe1 Rbc8 $22 22. Kh1 d5 $1) 21... Rxe3 22. Qxb6 axb6 23. Rad1 Ne4
24. Rfe1 Rxe1+ 25. Rxe1 Nc5 26. Re7 Kf8 27. Rc7 Ke8 28. Bd5 Nd7 29. b4 $1 $16 (
29. Rxb7 Rxb7 30. Bxb7 Nc5 31. g3 Nd3 32. b3 Nc1 $10) 29... g5 (29... Ra8 30.
Rxb7 Rxa2 (30... Kd8 $4 31. Rxd7+ $18) 31. Bc6 $18) 30. g3 Kd8 31. Rxb7 Rxb7
32. Bxb7 Nf6 33. fxg5 hxg5 34. Bd5 Nxd5 (34... Ke7 35. a4 $18) 35. cxd5 b5 36.
Kf2 (36. h4 gxh4 37. gxh4 Ke7 38. Kf2 Kf6 39. Kg3 Kf5 40. Kf3 Ke5 41. Kg4 f5+ (
41... Kxd5 42. Kf5 Kc4 43. h5 d5 44. h6 $18) 42. Kf3 Kxd5 43. Kf4 Ke6 44. h5
Kf6 45. h6 Kg6 46. h7 Kxh7 47. Kxf5 Kg7 48. Ke6 $18) 36... Ke7 37. Ke3 f5 38.
h4 Kf6 (38... f4+ 39. gxf4 gxh4 40. Kf3 Kf6 41. Kg4 $18) 39. hxg5+ Kxg5 40. Kf3
Kg6 41. Kf4 Kf6 42. a3 Kg6 43. g4 fxg4 44. Kxg4 Kf6 45. Kf4 Kg6 46. Ke3 Kf5 47.
Kd4 (47. a4 $5 bxa4 (47... Ke5 48. a5 Kxd5 49. Kf4 Kc6 50. Ke4 Kc7 51. Kd5 Kd7
52. a6 Kc7 53. a7 Kb7 54. Kxd6 Kxa7 55. Kc6 Ka6 56. Kc5 Ka7 57. Kxb5 Kb7 $10)
48. Kd4 a3 49. Kc3 Ke5 $10) 47... Kf6 48. Ke4 Ke7 (48... Kg6 49. a4 bxa4 50.
Kd3 Kf6 51. b5 Ke7 52. Kc3 Kd7 53. Kb4 Kc7 54. Kxa4 $18) 49. Kd4 (49. Kf5 Kf7)
49... Kd8 50. Kc3 Kc7 51. Kb3 Kb7 52. a4 bxa4+ 53. Kxa4 Ka6 54. b5+ Kb6 55. Kb4
Ka7 56. Ka5 Kb7 57. b6 Kb8 58. Ka6 Ka8 59. b7+ Kb8 60. Ka5 $1 Kxb7 (60... Ka7
61. b8=Q+ Kxb8 62. Kb6 $18) 61. Kb5 (61. Kb5 Kc7 62. Ka6 Kd7 63. Kb7 Ke7 64.
Kc7 Ke8 65. Kxd6 Kd8 66. Ke6 Ke8 67. d6 Kd8 68. d7 $18) 1-0

[Event "Montreal International"]
[Site "Montreal"]
[Date "1979.05.03"]
[Round "17"]
[White "Timman, Jan H"]
[Black "Portisch, Lajos"]
[Result "1/2-1/2"]
[WhiteElo "2625"]
[BlackElo "2640"]
[Annotator "ChessBase"]
[PlyCount "74"]
[EventDate "1979.04.11"]
[EventType "tourn"]
[EventRounds "18"]
[EventCountry "CAN"]
[EventCategory "15"]
[SourceTitle "MCL"]
[Source "ChessBase"]
[SourceDate "1999.07.01"]
[SourceVersion "1"]
[SourceVersionDate "1999.07.01"]
[SourceQuality "1"]

1. c4 Nf6 2. Nc3 e5 3. Nf3 Nc6 4. e3 Bb4 5. Qc2 O-O 6. Nd5 Re8 7. Qf5 d6 (7...
Be7 $6 8. Nxe5 Nb4 9. Nxb4 Bxb4 10. a3 $5 d5 $6 (10... d6 11. Qc2 Bxd2+ 12.
Bxd2 dxe5 $14) 11. Qc2 Rxe5 12. axb4 Bf5 13. d3 Qe7 14. Bd2 d4 15. Be2 dxe3 16.
fxe3 Bg4 17. Bf3 $1 $16 {Kasparov,G-Romanishin,O/URS-FL/1978/1/2-1/2/}) 8.
Nxf6+ gxf6 (8... Qxf6 9. Qxf6 gxf6 10. a3 Bc5 11. b4 (11. b3 $5 Be6 $1 12. Bb2
a5 13. O-O-O (13. Rc1 e4 14. d4 exd3 15. Bxd3 Ne5 $10) 13... d5 $10 {
Lukin-Akopian/Podolsk/1990/}) 11... Bb6 12. Bb2 a5 13. b5 Ne7 (13... Nd8 14. a4
Ne6 15. Be2 c6 16. O-O Bd7 17. Rfd1 cxb5 18. axb5 d5 19. cxd5 Nc7 20. e4 Nxb5
21. Rdb1 $16 {Keene,R-Ljubojevic,L/Moscow/1977/}) 14. a4 (14. Be2 a4 $1 15. O-O
c6 16. bxc6 bxc6 $10 {Smejkal,J-Smyslov,V/Leningrad/1977/}) 14... Bc5 $1 15.
Be2 c6 {Hansen,Cu-Gurevich,M/Antwerpen/1993/}) 9. Qh5 $1 (9. Qc2 e4 10. Nh4 $2
(10. Ng1 d5 11. cxd5 Qxd5 12. a3 Bd6 13. Ne2 $13) 10... f5 11. g3 d5 12. cxd5
Ne5 13. Qb3 Be7 14. d4 exd3 15. Bxd3 Bxh4 16. gxh4 Nf3+ $17 {Keene,R-Timman,J/
Bad Lauterberg/1977/}) 9... d5 (9... e4 $5 10. a3 exf3 11. axb4 Nxb4 12. Ra4
Re5 13. Qxf3 Nc2+ 14. Kd1 Bd7 15. Ra2 Nb4 16. Ra3 c5 17. d4 Rg5 $132 {Lerner,
K-Romanishin,O/Kiev/1977/}) 10. cxd5 (10. a3 Bf8 11. d4 Be6 (11... exd4 12. Bd3
h6 13. O-O $1) (11... e4 $1 {Povah} 12. Nd2 Ne7 13. Be2 c6 $13) 12. Bd3 e4 13.
Bc2 Ne7 14. Nd2 $40 {Goodman-Nuun/ENG/1978/1-0/24/} f5 15. cxd5 Qxd5 16. f3 Qc6
$2 (16... f4 $1 $13) 17. Nxe4 Qxc2 18. Nf6+) (10. Bd3 $5 e4 11. cxd5 exd3 (
11... Nb8 12. Bc2 $1 exf3 13. Qxh7+ $1 (13. Qh6 $2 f5 14. gxf3 Bf8 $17) 13...
Kf8 14. gxf3 Qxd5 15. Bb3 Qd7 16. Rg1 $40) 12. dxc6 bxc6 13. b3 Bf8 $13 {
Vlahos,K-Adams,M/London NWYM/1987/} 14. Bb2 Re4 15. h3 Rb8 $1 $36) 10... Qxd5
11. Be2 Be6 12. a3 (12. O-O e4 13. Qxd5 Bxd5 14. Nh4 $1 (14. Ne1 Rad8 15. d4
Bxe1 16. Rxe1 Nb4 $17 {Keene,R-Kotschnoj,V/Montreux/1977/}) 14... Rad8 $13 15.
f3 Be6 16. fxe4 Bxd2 17. Bb5 Kg7 $132 {Kortschnoj,V.Karpov,An/Amsterdam/1987/})
12... Be7 $1 (12... e4 13. Qxd5 Bxd5 14. axb4 exf3 15. Bxf3 Nxb4 16. Ra4 $14)
13. d3 {Prevents e5-e4.} Kh8 14. O-O Rg8 {/\Bg4} 15. Ne1 (15. Nh4 f5 $1 16. g3
Qd8 17. Nf3 Bf6 $17 {Timman}) 15... Na5 16. Bd2 Nb3 17. Rd1 Nxd2 (17... c5 $5
18. Bc3 b5) 18. Rxd2 f5 $15 (18... Rg5 19. Qf3 Qa5 20. Rc2 c6 21. e4 $1 $13)
19. Nf3 $1 Rad8 20. d4 (20. Rc2 $5) 20... e4 21. Ne5 {/\22.Bc4} b5 (21... Qxe5
$5 22. dxe5 Rxd2 {/\Rg5} 23. h4 Rxb2 24. Rc1 c5 25. Bc4 $14 {Kavalek}) (21...
Rg7 22. Bc4 Qd6) (21... Rg5 22. Qh6 Qxe5 23. dxe5 Rxd2 24. Bh5 $1 $14) 22. Rc2
(22. Rc1 c5 23. Bxb5 cxd4 24. Nc6 Qxb5 25. Nxe7 dxe3 $1) 22... c5 (22... Bd6
23. Nc6 Ra8 24. Qh4 $1 $16) 23. Bxb5 Qb3 (23... cxd4 24. Nc6 Qxb5 25. Nxe7 d3
26. Rc7 $1 (26. Rd2 $2 Rg7) (26. Nxg8 dxc2 27. Nf6 Qxf1+ $1) 26... Rg7 27. Qh4
$1 $13 {Tal} Qb8 $1 $17 {Timman}) 24. Qe2 $13 cxd4 (24... f4 $6 25. Bc4 f3 26.
Bxb3 $1 fxe2 27. Bxe6 exf1=Q+ 28. Kxf1 fxe6 29. Nf7+ Kg7 30. Nxd8 Rxd8 31. dxc5
$10 {Timman}) 25. exd4 Qh3 (25... Rxd4 26. Nc6 $1 (26. Rc3 $2 Qd5 27. Nc6 e3
28. g3 exf2+ 29. Qxf2 Bf6 $17) 26... Rd7 $1 (26... Qh3 27. f3 Rd7 28. fxe4 $16)
27. Rc3 Qd5 28. Nxe7 Rxe7 $10) 26. f4 $1 (26. g3 f4 $1 27. Qxe4 (27. Rd1 e3 $40
) 27... Bd5 28. Nxf7+ Kg7 $19) 26... Rxg2+ 27. Qxg2 Rg8 28. Bd7 $1 Bd5 (28...
Bxd7 $2 29. Nxf7#) 29. Bc6 Qe3+ 30. Kh1 Rxg2 31. Rxg2 Qxd4 32. Bxd5 (32. Rfg1
e3 33. Bxd5 Qxd5 34. h3 Bf6 35. Kh2 h5) 32... Qxd5 33. Rc1 h6 34. Rc7 e3 35.
Rxe7 Qd1+ 36. Rg1 Qd5+ 37. Rg2 Qd1+ 1/2-1/2

[Event "Hoogovens"]
[Site "Wijk aan Zee"]
[Date "1992.01.??"]
[Round "?"]
[White "Salov, Valery"]
[Black "Epishin, Vladimir"]
[Result "1-0"]
[WhiteElo "2655"]
[BlackElo "2620"]
[Annotator "ChessBase"]
[PlyCount "99"]
[EventDate "1992.01.??"]
[EventType "tourn"]
[EventRounds "13"]
[EventCountry "NED"]
[EventCategory "14"]
[SourceTitle "CBM 028"]
[Source "ChessBase"]
[SourceDate "1992.06.01"]
[SourceVersion "1"]
[SourceVersionDate "1992.06.01"]
[SourceQuality "1"]

1. c4 e5 2. Nc3 Nf6 3. Nf3 Nc6 4. e3 Bb4 5. Nd5 e4 6. Ng1 O-O 7. Qc2 Re8 8. Ne2
Bd6 9. a3 Be5 10. Ng3 d6 11. Be2 Nxd5 $2 (11... Bxg3) 12. cxd5 Ne7 13. Qxe4 c6
14. dxc6 Nxc6 15. Qc2 d5 16. d4 $16 Bc7 17. O-O Re6 18. f4 Bb6 19. Bd3 Rh6 20.
Nf5 Rg6 21. Bd2 Bd7 22. Bc3 Qf6 23. Rae1 Re8 24. Rf3 h5 25. Ng3 Rh6 26. Nf5 Rg6
27. Ref1 h4 28. Be1 Re4 29. Nxh4 Rg4 30. Bxe4 dxe4 31. Qxe4 Rxh4 32. Bxh4 Qxh4
33. Rg3 Qf6 34. Qd5 Bf5 35. Rc1 g6 36. b4 a6 37. b5 axb5 38. Qxb5 Ne7 39. a4
Kg7 40. a5 Bd8 41. Qxb7 Bxa5 42. Ra1 Nc6 43. Qa6 Bd8 44. Rc1 Be4 45. Qb5 Ne7
46. Qe8 Qd6 47. Rh3 Kf6 48. Rh7 Bd5 49. e4 Qa3 50. Qh8+ 1-0

[Event "Bundesliga 1978/79 West plof Sol-Porz"]
[Site "Solingen"]
[Date "1979.05.10"]
[Round "1.1"]
[White "Huebner, Robert"]
[Black "Hecht, Hans Joachim"]
[Result "1-0"]
[WhiteElo "2595"]
[BlackElo "2490"]
[Annotator "ChessBase"]
[PlyCount "71"]
[EventDate "1979.05.10"]
[EventType "team-match"]
[EventRounds "1"]
[EventCountry "GER"]
[SourceTitle "EXT 1999"]
[Source "ChessBase"]
[SourceDate "1998.11.16"]
[SourceVersion "1"]
[SourceVersionDate "1998.11.16"]
[SourceQuality "1"]
[WhiteTeam "Porz"]
[BlackTeam "Solingen SG"]
[WhiteTeamCountry "GER"]
[BlackTeamCountry "GER"]

1. c4 e5 2. Nc3 Nf6 3. Nf3 Nc6 4. d3 d5 5. cxd5 Nxd5 6. e3 Be6 7. Be2 Be7 8.
O-O O-O 9. Bd2 (9. a3 $142) 9... f5 10. a3 Qe8 11. b4 a6 12. Nxd5 Bxd5 13. Bc3
Bd6 14. Qd2 {/\a4} Qe7 $1 (14... Qg6 15. a4 e4 16. dxe4 Bxe4 17. g3 Rad8 18.
Qb2 $14 {/\b5}) 15. Qb2 $6 (15. Rad1 $5 {/\Qb2} Bb3 16. Rb1 Bd5 17. a4) (15.
Rab1 {Hecht}) 15... e4 16. dxe4 fxe4 17. Nd2 Ne5 18. Rad1 {[#]} (18. Qc2 Nf3+
19. gxf3 Bxh2+ $11) 18... Rae8 $6 (18... Nf3+ $2 19. Nxf3 exf3 20. Rxd5 fxg2
21. Rfd1 Qh4 (21... Bxh2+ 22. Kxg2 $1 {Treppner,G}) 22. f4 $18) (18... Rad8 19.
Bxe5 Qxe5 (19... Bxe5 20. Qc2 b5 $1 {Treppner,G}) 20. Qxe5 Bxe5 21. Bc4 Bxc4
22. Nxc4 $14) (18... Nd3 $1 19. Bxd3 (19. Qc2 $2 Bxh2+ 20. Kxh2 Qh4+ 21. Kg1
Nxf2 $19) 19... exd3 20. e4 Bc6 (20... Bxe4 $2 21. Nxe4 Qxe4 22. Bxg7 {
Treppner,G}) 21. e5 Qg5 22. f3 Be7 $13 {/\Rad8,Bb5}) (18... Rf6 {Hecht}) (18...
Rf5 {Hecht}) (18... c6 {Hecht}) (18... Bc6 {Hecht}) 19. Qc2 $5 (19. Bxe5 Qxe5
20. Qxe5 Rxe5 21. Bc4 Rd8 $1 22. g3 (22. Bxd5+ Rxd5 23. Nxe4 Bxh2+) 22... Be7
$11) 19... Qh4 $2 (19... Nd7 $5 20. Nc4 (20. Bc4 Nb6 21. Bxd5+ Nxd5 22. Bd4 c6
23. Nc4 Rf7 $13) 20... Bxc4 21. Bxc4+ Kh8 $14 {/\Nf6}) (19... Nd3 20. Bxd3 exd3
21. Qxd3 Bxh2+ 22. Kxh2 Qh4+ 23. Kg1 Bxg2 24. Qc4+ Qxc4 25. Nxc4 Bxf1 $16 {
Hecht}) (19... Ng6 {Hecht}) 20. g3 Qh3 21. Nxe4 Bxe4 22. Qxe4 Nf3+ 23. Bxf3
Rxe4 24. Bxe4 $16 b5 $5 (24... Qc8 25. Rd5) 25. Rd5 Re8 (25... Qe6 $2 26. Rg5 {
/\Bd5 / Rxg7+}) (25... h6 26. Rfd1 {/\Bg2,e4,f4}) 26. Bf5 Qh6 27. Rfd1 Bf8 (
27... Rxe3 28. Bd2) 28. R1d4 Qb6 29. Rd7 c5 (29... Re7 30. Rd8) 30. Rh4 Re7 (
30... g6 31. Rhxh7 {/\Rh8#}) (30... h6 31. Rg4 Re7 (31... g5 32. Bh7#) (31...
h5 32. Rg6) 32. Rxe7 Bxe7 33. Rxg7+ Kf8 34. Rg6 {/\Be6}) 31. Bxh7+ Kf7 32. Rd5
{/\33.Rf4+ Ke8 34.Rdf5   33.-Ke6 34.Bg8+} Re6 (32... g6 33. Rf4+ Ke8 34. Rf6
$18 {Treppner,G}) 33. Rf4+ Rf6 (33... Ke7 34. Rdf5) (33... Ke8 34. Bg8 (34. Bf5
Rh6 (34... Re7 35. bxc5 Qc6 36. Rd6 {/\Bg6+ Treppner,G}) 35. Bd7+ Ke7 36. bxc5
$18 {/\c6,Bb4+ Treppner,G}) 34... Rh6 (34... Re7 35. Rdf5) 35. Re4+ Be7 36.
Rde5 Kf8 37. Bd5) 34. Bxf6 gxf6 35. Rd7+ Ke8 (35... Ke6 36. Bf5+ Ke5 37. g4 Bd6
38. bxc5 Qxc5 39. Rd4 $18 {Treppner,G}) 36. Bf5 {/\Re4+} (36. Bf5 Bh6 (36...
Bd6 37. Re4+ Kf8 38. Re6 {Treppner,G}) 37. Re4+ Kf8 38. Bg6 {Treppner,G}) 1-0

[Event "Baden Casino op 3rd"]
[Site "Baden"]
[Date "1998.??.??"]
[Round "9"]
[White "Milov, Vadim"]
[Black "Raetsky, Alexander"]
[Result "1-0"]
[WhiteElo "2635"]
[BlackElo "2440"]
[Annotator "ChessBase"]
[PlyCount "87"]
[EventDate "1998.04.10"]
[EventType "swiss"]
[EventRounds "9"]
[EventCountry "SUI"]
[SourceTitle "CBM 064 Extra"]
[Source "ChessBase"]
[SourceDate "1998.07.07"]
[SourceVersion "1"]
[SourceVersionDate "1998.07.07"]
[SourceQuality "1"]

1. c4 e5 2. Nc3 Nf6 3. Nf3 Nc6 4. e3 Bb4 5. Nd5 e4 6. Ng1 O-O 7. a3 Bd6 8. Ne2
Nxd5 9. cxd5 Ne5 10. Nc3 f5 11. d3 Qh4 12. d4 Ng4 13. g3 Qh6 14. Nxe4 fxe4 15.
Qxg4 Qf6 16. Qxe4 Qxf2+ 17. Kd1 b6 18. Bd3 g6 19. Bd2 Bb7 20. Kc2 Rae8 21. Raf1
Rxe4 22. Rxf2 Bxd5 23. Rxf8+ Bxf8 24. Re1 Re8 25. e4 Bf7 26. b4 d5 27. e5 c6
28. Ba6 Be6 29. Bb7 c5 30. a4 Rb8 31. Ba6 c4 32. Kc3 h5 33. Bg5 Bg7 34. Be7 Bf8
35. Bg5 Bg7 36. Rf1 Rf8 37. Rxf8+ Bxf8 38. a5 Kf7 (38... bxa5 39. bxa5 Bf5 40.
Bd8 Kf7 41. Bb6 $18) 39. axb6 axb6 40. Bd8 Bh6 41. Bxb6 Be3 42. b5 Bf2 43. Kd2
g5 44. Bc5 {[#]} 1-0

[Event "Montreal International"]
[Site "Montreal"]
[Date "1979.04.20"]
[Round "8"]
[White "Huebner, Robert"]
[Black "Hort, Vlastimil"]
[Result "1/2-1/2"]
[WhiteElo "2595"]
[BlackElo "2600"]
[Annotator "ChessBase"]
[PlyCount "23"]
[EventDate "1979.04.11"]
[EventType "tourn"]
[EventRounds "18"]
[EventCountry "CAN"]
[EventCategory "15"]
[SourceTitle "MCL"]
[Source "ChessBase"]
[SourceDate "1999.07.01"]
[SourceVersion "1"]
[SourceVersionDate "1999.07.01"]
[SourceQuality "1"]

1. c4 e5 2. Nc3 Nf6 3. Nf3 Nc6 4. d3 d5 5. cxd5 Nxd5 6. e3 Be6 7. Be2 Be7 8.
O-O O-O 9. Bd2 (9. a3 $5) 9... Ndb4 $1 10. Qb1 a5 11. Rc1 (11. a3 Na6 {/\Nc5})
11... Qd7 12. Ne4 (12. Ne4 Rfd8 13. Bc3 $13) 1/2-1/2

[Event "Montreal International"]
[Site "Montreal"]
[Date "1979.04.25"]
[Round "11"]
[White "Timman, Jan H"]
[Black "Karpov, Anatoly"]
[Result "0-1"]
[WhiteElo "2625"]
[BlackElo "2705"]
[Annotator "ChessBase"]
[PlyCount "62"]
[EventDate "1979.04.11"]
[EventType "tourn"]
[EventRounds "18"]
[EventCountry "CAN"]
[EventCategory "15"]
[SourceTitle "100 Jahre Schach"]
[Source "ChessBase"]
[SourceDate "2000.04.19"]
[SourceVersion "1"]
[SourceVersionDate "2000.04.19"]
[SourceQuality "1"]

1. c4 Nf6 2. Nc3 e5 3. Nf3 Nc6 4. e3 Be7 5. d4 exd4 6. Nxd4 O-O 7. Nxc6 (7. Be2
Re8 (7... d5 $1 {Tal, who worked as Karpovs second during the Baguio Match
1978, revealed this move as prepared improvement for Kortschnoj. Tal, der
während des Matches 1978 in Baguio als Karpovs Sekundant tätig war,
präsentierte diesen Zug als vorbereitete Neuerung für Kortschnoj.} 8. cxd5 Nb4
$1 9. e4 Nxe4 $1 10. Nxe4 Qxd5 11. Bf3 Qxd4 12. Qxd4 Nc2+ 13. Kd2 Nxd4 $17) 8.
O-O Bf8 9. b3 d6 10. Bb2 Bd7 11. Rc1 Nxd4 12. Qxd4 c6 13. Rfd1 $14 {Stean,
M-Garcia/Lone Pine/1978/1/2-1/2/46/ Stean was one of Kortschnojs second during
the Baguio Match. Stean,M-Garcia/Lone Pine/1978/1/2-1/2/46/ Stean war während
des Matches in Baguio einer von Kortschnojs Sekundanten.}) 7... bxc6 8. Be2 d5
9. O-O Bd6 10. b3 Qe7 11. Bb2 dxc4 $1 {This idea was suggested by Zaitsev,I
during preparations for the Wch in Baguio against Kortschnoj. Black starts a
piece attack om the kingside. Diese Idee wurde von I. Zaitsev während der
Vorbereitung für den WM-Kampf gegen Kortchnoj vorgeschlagen. Schwarz leitet
einen Figurenangriff am Königsflügel ein.} (11... Rd8 12. cxd5 Qe5 13. g3 Bh3
14. Re1 Bb4 15. Qc2 Bf5 16. Qc1 cxd5 17. Bf3 Qe7 18. a3 Ba5 19. b4 Bb6 20. Nxd5
$1 $16 {Keene,R-Jansson/Haifa ol/1976/ Keene was one of Kortschnojs seconds
during the Baguio Match 1978. Keene,R-Jansson/Haifa ol/1976/ Keene war
ebenfalls Kortschnoj's Sekundant während des Matches 1978.}) 12. bxc4 (12. Bxc4
Qe5 (12... Ng4 13. g3 (13. h3 Qe5 14. g3 Nxe3 15. fxe3 Qxg3+ 16. Kh1 Qh2#)
13... Nxh2 14. Kxh2 Qh4+ 15. Kg1 Bxg3 16. fxg3 Qxg3+ 17. Kh1 Qh3+ 18. Kg1 Qg3+
$10 19. Kh1 Bg4 $2 20. Qe1 $1) (12... Bxh2+ $2 13. Kxh2 Ng4+ 14. Kg3 $1 Qg5 15.
f4 Qg6 16. Bd3 $16) 13. g3 Bh3 14. Re1 Rad8 $13) (12. Qd4 $1 {/\Qh4 Portisch})
12... Rb8 $1 13. Qc1 Ng4 14. g3 (14. Bxg4 Bxg4 15. Re1 Rb4 $1 $17) 14... Re8 (
14... Nxh2 $10 15. Kxh2 Qh4+ 16. Kg2 Qh3+ 17. Kg1 Bxg3 18. fxg3 Qxg3+ 19. Kh1 {
und nun hat Schwarz nicht den Schwenk Re8-e6 /\Rh6#.}) 15. Nd1 $2 (15. Bf3 Qf6
$1 (15... Ne5 16. Be2 Bh3 17. Rd1 $13) 16. Bxg4 (16. Bg2 $2 Qh6 17. h3 Ne5 $19)
16... Bxg4 17. f3 Bh3 18. Rf2 Qg6 $36) (15. e4 {Fritz} Nxh2 (15... Be5 16. Rb1
Qf6 17. Nd1 $13) 16. Kxh2 Qh4+ 17. Kg1 Bxg3 18. fxg3 Qxg3+ 19. Kh1 Re6 (19...
Qh3+ 20. Kg1 Re6 $13) 20. Qf4 $13) 15... Nxh2 $1 $19 16. c5 (16. Kxh2 $2 Qh4+
17. Kg2 Qh3+ 18. Kg1 Bxg3 19. fxg3 Qxg3+ 20. Kh1 Re4 (20... Re6 21. Bf6 $1) 21.
Rf4 Bh3 $19) 16... Nxf1 $1 17. cxd6 Nxg3 $1 {This move Timman had not foreseen.
Diesen Zug hatte Timman nicht vorausgesehen.} 18. fxg3 Qxd6 19. Kf2 (19. Kg2
Qh6 20. g4 Qg5 $19 (20... Rb4 $19)) 19... Qh6 20. Bd4 (20. Qc3 Re6 $19) 20...
Qh2+ 21. Ke1 Qxg3+ 22. Kd2 Qg2 23. Nb2 Ba6 24. Nd3 Bxd3 25. Kxd3 Rbd8 26. Bf1
Qe4+ 27. Kc3 c5 $1 28. Bxc5 Qc6 29. Kb3 Rb8+ 30. Ka3 Re5 31. Bb4 Qb6 0-1

[Event "Paris FIDE GP"]
[Site "Elancourt"]
[Date "2013.09.30"]
[Round "8"]
[White "Grischuk, Alexander"]
[Black "Giri, Anish"]
[Result "1-0"]
[WhiteElo "2785"]
[BlackElo "2737"]
[Annotator "ChessBase Website"]
[PlyCount "68"]
[EventDate "2013.09.22"]
[EventType "tourn"]
[EventRounds "11"]
[EventCountry "FRA"]
[EventCategory "20"]
[SourceTitle "CBM 157"]
[Source "ChessBase"]
[SourceDate "2013.11.12"]
[SourceVersion "1"]
[SourceVersionDate "2013.11.12"]
[SourceQuality "1"]
[TimeControl "40/7200:20/3600:900+30"]
[WhiteClock "2:00:00"]
[BlackClock "2:00:00"]

1. c4 {[%emt 0:00:03]} e5 {[%emt 0:00:03]} 2. Nc3 {[%emt 0:00:36]} Nf6 {
[%emt 0:00:05]} 3. Nf3 {[%emt 0:00:16]} Nc6 {[%emt 0:00:04]} 4. e3 {[%emt 0:01:
11]} Bb4 {[%emt 0:03:45]} 5. Qc2 {[%emt 0:00:12]} O-O {[%emt 0:03:38]} 6. Nd5 {
[%emt 0:00:36]} Re8 {[%emt 0:03:31]} 7. Qf5 {[%emt 0:02:07]} d6 {[%emt 0:12:32]
} 8. Nxf6+ {[%emt 0:00:19]} Qxf6 {[%emt 0:00:12] In this somewhat strange
English opening Grischuk decided to quickly trade queens to cripple his
opponent's pawn structure. Giri seemed to have an ok position until he traded
his bishop for a knight on f3, which made his own knight on g6 much worse
because of the lack of access to e5. From then on White had a pleasant
advantage that kept growing until he reached a double rook endgame that was
clearly favorable to him. Grischuk converted with flawless technique in an
endgame that Giri had simply no activity} 9. Qxf6 {[%emt 0:00:07]} gxf6 {
[%emt 0:00:03]} 10. a3 {[%emt 0:05:03]} Bc5 {[%emt 0:00:18]} 11. b4 {[%emt 0:
00:18]} Bb6 {[%emt 0:00:05]} 12. Bb2 {[%emt 0:00:07]} a5 {[%emt 0:01:40]} 13.
b5 {[%emt 0:00:29]} Ne7 {[%emt 0:03:19]} 14. d4 {[%emt 0:06:12]} Ng6 {[%emt 0:
04:00]} 15. a4 $146 {[%emt 0:21:47]} (15. h3 c6 16. bxc6 bxc6 17. O-O-O Bc7 18.
Nd2 d5 19. cxd5 cxd5 20. Bb5 Re6 21. a4 Ba6 22. Bxa6 Rexa6 23. Kb1 exd4 24.
exd4 Rb8 25. Ka2 Nf4 26. Nb1 Rab6 27. Ba3 Bd6 28. Rd2 Bb4 {1/2-1/2 (28)
Gretarsson,H (2504)-Stefansson,H (2572) Reykjavik 2004}) 15... Bg4 {[%emt 0:12:
29]} 16. O-O-O {[%emt 0:02:44]} exd4 {[%emt 0:15:02]} 17. Bxd4 {[%emt 0:03:37]}
Bxd4 {[%emt 0:00:59]} 18. Rxd4 {[%emt 0:00:02]} Bxf3 {[%emt 0:00:42]} 19. gxf3
{[%emt 0:00:41]} b6 {[%emt 0:00:01]} 20. f4 {[%emt 0:14:11]} Ne7 {[%emt 0:05:
08]} 21. Bg2 {[%emt 0:04:03]} Rab8 {[%emt 0:01:12]} 22. Bd5 {[%emt 0:00:36]}
Rf8 {[%emt 0:06:45]} 23. Rg1+ {[%emt 0:05:44]} Kh8 {[%emt 0:00:01]} 24. Rdd1 {
[%emt 0:00:08]} Nxd5 {[%emt 0:04:52]} 25. Rxd5 {[%emt 0:07:55]} Rg8 {[%emt 0:
01:17]} 26. Rg3 {[%emt 0:00:14]} Rg6 {[%emt 0:09:26]} 27. Rh5 {[%emt 0:00:56]
[%csl Rh7][%cal Gg3h3]} Kg7 {[%emt 0:11:31]} 28. Kd2 {[%emt 0:00:47]} (28. Rgh3
Rg1+ 29. Kb2 Rg8 30. Rxh7+ Kf8 31. Rh8 R1g2) 28... Rh8 {[%emt 0:00:11]} 29. Kd3
{[%emt 0:05:31]} Rxg3 {[%emt 0:00:05]} 30. hxg3 $16 {[%emt 0:01:02][%csl Rc7,
Gd3,Rf6,Rf7,Rh7,Rh8][%cal Gd3e4,Ge4d5,Gd5c6]} f5 {[%emt 0:00:02]} 31. Rxf5 {
[%emt 0:04:39]} h5 {[%emt 0:00:06]} 32. Ke4 {[%emt 0:00:34]} h4 {[%emt 0:01:00]
} 33. gxh4 {[%emt 0:00:16]} Rxh4 {[%emt 0:00:03]} 34. Kd5 {[%emt 0:00:31]} Rh1
{[%emt 0:01:07]} 1-0